[Event "San Francisco TNM Fall op"]
[Site "San Francisco"]
[Date "2017.11.21"]
[Round "5"]
[White "Whitehead, Paul A"]
[Black "Melville, Cailen"]
[Result "1-0"]
[WhiteElo "2315"]
[BlackElo "1805"]
[PlyCount "89"]
[EventDate "2017.10.24"]
[EventType "swiss"]
[EventRounds "9"]
[EventCountry "USA"]
[SourceTitle "EXT 2023"]
[Source "ChessBase"]
[SourceDate "2022.10.05"]
[SourceVersion "1"]
[SourceVersionDate "2022.10.05"]
[SourceQuality "1"]

1. e4 e6 2. d3 d5 3. Nd2 Nf6 4. Ngf3 Nc6 5. c3 a5 6. a4 dxe4 7. dxe4 e5 8. Bb5 Bg4 9. h3 Bxf3 10. Qxf3 Bc5 11. Nf1 Qd7 12. Bg5 Qe6 13. Bxf6 Qxf6 14. Qxf6 gxf6 15. Rd1 Rg8 16. g3 Ke7 17. Bxc6 bxc6 18. Nd2 Rgd8 19. Ke2 Bb6 20. Nf3 Rab8 21. Rxd8 Rxd8 22. Rb1 Bc5 23. Nh4 Ke6 24. Nf5 Rb8 25. f3 Rd8 26. Rd1 Rxd1 27. Kxd1 Bf8 28. Kc2 c5 29. Ne3 Bd6 30. Nc4 f5 31. Nxa5 fxe4 32. fxe4 f5 33. Kd3 f4 34. gxf4 exf4 35. Nc4 Bf8 36. a5 Kd7 37. e5 Kc6 38. a6 Be7 39. Ke4 Bg5 40. e6 h5 41. Kf3 h4 42. Ke4 Bd8 43. Kxf4 Be7 44. Kf5 Bd8 45. Kg6 1-0

[Event "San Francisco TNM Fall op"]
[Site "San Francisco"]
[Date "2016.11.15"]
[Round "5"]
[White "Melville, Cailen"]
[Black "Andries, Craig"]
[Result "1/2-1/2"]
[WhiteElo "1872"]
[BlackElo "1877"]
[PlyCount "26"]
[EventDate "2016.10.18"]
[EventType "swiss"]
[EventRounds "9"]
[EventCountry "USA"]
[SourceTitle "EXT 2018"]
[Source "ChessBase"]
[SourceDate "2017.10.13"]
[SourceVersion "1"]
[SourceVersionDate "2017.10.13"]
[SourceQuality "1"]

1. d4 g6 2. c4 Bg7 3. e4 d6 4. Nc3 Nd7 5. f3 e5 6. d5 Ne7 7. Be3 f5 8. Qd2 f4 9. Bf2 a6 10. 0-0-0 b6 11. g4 Bb7 12. h4 h6 13. g5 hxg5 1/2-1/2

[Event "San Francisco TNM Fall op"]
[Site "San Francisco"]
[Date "2016.11.01"]
[Round "3"]
[White "Melville, Cailen"]
[Black "Viswanath, Ganesh"]
[Result "0-1"]
[WhiteElo "1872"]
[BlackElo "2132"]
[PlyCount "48"]
[EventDate "2016.10.18"]
[EventType "swiss"]
[EventRounds "9"]
[EventCountry "USA"]
[SourceTitle "EXT 2018"]
[Source "ChessBase"]
[SourceDate "2017.10.13"]
[SourceVersion "1"]
[SourceVersionDate "2017.10.13"]
[SourceQuality "1"]

1. d4 Nf6 2. c4 e6 3. g3 d5 4. Nf3 dxc4 5. Bg2 a6 6. a4 Nc6 7. e3 Rb8 8. 0-0 Be7 9. Nfd2 e5 10. Bxc6+ bxc6 11. dxe5 Ng4 12. Nxc4 Qxd1 13. Rxd1 Be6 14. Na5 Nxe5 15. f4 Bb4 16. fxe5 Bxa5 17. Nc3 0-0 18. e4 f6 19. exf6 Rxf6 20. Be3 Rxb2 21. Bd4 Bb6 22. Nb5 cxb5 23. Bxb6 cxb6 24. axb5 Rff2 0-1

[Event "San Francisco TNM Fall op"]
[Site "San Francisco"]
[Date "2016.10.25"]
[Round "2"]
[White "Melville, Cailen"]
[Black "Wang, Yuan1111"]
[Result "1-0"]
[WhiteElo "1872"]
[BlackElo "2088"]
[PlyCount "83"]
[EventDate "2016.10.18"]
[EventType "swiss"]
[EventRounds "9"]
[EventCountry "USA"]
[SourceTitle "EXT 2018"]
[Source "ChessBase"]
[SourceDate "2017.10.13"]
[SourceVersion "1"]
[SourceVersionDate "2017.10.13"]
[SourceQuality "1"]

1. d4 Nf6 2. c4 g6 3. f3 d5 4. cxd5 Nxd5 5. e4 Nb6 6. Nc3 Bg7 7. Be3 0-0 8. Qd2 Nc6 9. 0-0-0 e5 10. d5 Nd4 11. f4 c5 12. fxe5 Bxe5 13. h3 Bd7 14. Nf3 Nxf3 15. gxf3 Rc8 16. f4 Bg7 17. e5 Bf5 18. Nb5 Be4 19. Rg1 Qxd5 20. Qa5 Nc4 21. Qc3 Nxe3 22. Qxe3 Qxa2 23. Qxe4 c4 24. Rg3 Qa1+ 25. Qb1 Qa5 26. Nd6 Bh6 27. Rf3 Rc7 28. Rd4 Qxe5 29. Qe4 Qxe4 30. Rxe4 Rd8 31. Rxc4 Rxc4+ 32. Nxc4 Rd4 33. Kc2 Rxf4 34. Rxf4 Bxf4 35. Na5 b6 36. Nc6 f5 37. Nxa7 Kf7 38. Bc4+ Kf6 39. Kd3 Be5 40. b4 g5 41. Ke3 h5 42. Kf2 1-0

[Event "San Francisco Benson Memorial"]
[Site "San Francisco"]
[Date "2016.08.23"]
[Round "4"]
[White "Boldi, Ethan Vaughn"]
[Black "Melville, Cailen"]
[Result "1/2-1/2"]
[WhiteElo "1814"]
[BlackElo "1985"]
[PlyCount "106"]
[EventDate "2016.08.02"]
[EventType "swiss"]
[EventRounds "9"]
[EventCountry "USA"]
[SourceTitle "EXT 2018"]
[Source "ChessBase"]
[SourceDate "2017.10.13"]
[SourceVersion "1"]
[SourceVersionDate "2017.10.13"]
[SourceQuality "1"]

1. e4 e6 2. d4 d5 3. Nc3 dxe4 4. Nxe4 b6 5. Nf3 Bb7 6. Bd3 Nf6 7. Nxf6+ gxf6 8. c3 Nc6 9. Be3 Qd7 10. Qd2 0-0-0 11. 0-0-0 Na5 12. b4 Nc6 13. Be4 Kb8 14. Qb2 f5 15. Bxc6 Qxc6 16. Ne5 Qe8 17. c4 Rg8 18. f3 f6 19. Nd3 Ba6 20. b5 Bb7 21. c5 bxc5 22. dxc5 Ka8 23. c6 Bxc6 24. a4 Bb7 25. a5 a6 26. Nc5 Rxd1+ 27. Rxd1 Bxc5 28. Bxc5 Qxb5 29. Qxb5 axb5 30. Rd7 Kb8 31. g3 Bxf3 32. Rf7 Kb7 33. Rxf6 Kc6 34. Be3 Kd5 35. a6 Bh5 36. Rh6 Bg6 37. h4 f4 38. Bxf4 Ra8 39. h5 Be4 40. g4 Rxa6 41. g5 Ra1+ 42. Kd2 e5 43. Be3 Ra2+ 44. Kc3 Re2 45. Ba7 c5 46. g6 hxg6 47. hxg6 Rg2 48. g7 Rxg7 49. Bb8 Rg3+ 50. Kd2 Rg6 51. Rh8 Kd4 52. Rd8+ Bd5 53. Re8 e4 1/2-1/2

[Event "San Francisco TNM Summer op"]
[Site "San Francisco"]
[Date "2016.05.31"]
[Round "2"]
[White "Melville, Cailen"]
[Black "Shaw, Tenzing W"]
[Result "1/2-1/2"]
[WhiteElo "1901"]
[BlackElo "2292"]
[PlyCount "28"]
[EventDate "2016.05.24"]
[EventType "swiss"]
[EventRounds "8"]
[EventCountry "USA"]
[SourceTitle "EXT 2018"]
[Source "ChessBase"]
[SourceDate "2017.10.13"]
[SourceVersion "1"]
[SourceVersionDate "2017.10.13"]
[SourceQuality "1"]

1. d4 d5 2. c4 c6 3. Nf3 Nf6 4. g3 Bf5 5. Bg2 e6 6. Nh4 Be4 7. f3 Bxb1 8. Rxb1 Qa5+ 9. Bd2 Qxa2 10. c5 b6 11. Ra1 Qxb2 12. e3 bxc5 13. Rb1 Qa2 14. Ra1 Qb2 1/2-1/2

[Event "San Francisco TNM Spring op"]
[Site "San Francisco"]
[Date "2016.03.15"]
[Round "1"]
[White "Bayaraa, Bilguun"]
[Black "Melville, Cailen"]
[Result "0-1"]
[WhiteElo "1021"]
[BlackElo "1811"]
[PlyCount "52"]
[EventDate "2016.03.15"]
[EventType "swiss"]
[EventRounds "8"]
[EventCountry "USA"]
[SourceTitle "EXT 2018"]
[Source "ChessBase"]
[SourceDate "2017.10.13"]
[SourceVersion "1"]
[SourceVersionDate "2017.10.13"]
[SourceQuality "1"]

1. d4 e6 2. Nc3 Bb4 3. Bd2 Nf6 4. Nf3 d5 5. e3 0-0 6. a3 Bd6 7. Bd3 c6 8. b4 Nbd7 9. 0-0 e5 10. e4 exd4 11. Nxd4 dxe4 12. Nxe4 Nxe4 13. Bxe4 Qh4 14. g3 Qxe4 15. Nf3 Nf6 16. Re1 Qg4 17. Kf1 Qh3+ 18. Ke2 Re8+ 19. Kd3 Bf5+ 20. Kc3 Ne4+ 21. Rxe4 Rxe4 22. Kb2 Qh5 23. Kc1 Bg4 24. h3 Bxf3 25. g4 Qe5 26. Qf1 Qxa1# 0-1

[Event "San Francisco TNM Winter op"]
[Site "San Francisco"]
[Date "2016.02.02"]
[Round "5"]
[White "Walder, Michael S"]
[Black "Melville, Cailen"]
[Result "1/2-1/2"]
[WhiteElo "2123"]
[BlackElo "1861"]
[PlyCount "78"]
[EventDate "2016.01.05"]
[EventType "swiss"]
[EventRounds "8"]
[EventCountry "USA"]
[SourceTitle "EXT 2018"]
[Source "ChessBase"]
[SourceDate "2017.10.13"]
[SourceVersion "1"]
[SourceVersionDate "2017.10.13"]
[SourceQuality "1"]

1. c4 b6 2. Nc3 e6 3. e4 Bb7 4. Nge2 Qh4 5. g3 Qh5 6. Bg2 f5 7. 0-0 fxe4 8. d3 Nc6 9. dxe4 0-0-0 10. Nd4 Qc5 11. Nxc6 dxc6 12. Qe2 Kb8 13. Be3 Qe7 14. e5 Nh6 15. Ne4 Nf7 16. f4 g6 17. c5 Bg7 18. b4 Qd7 19. Rfd1 Qc8 20. a4 Rxd1+ 21. Rxd1 Rd8 22. Nc3 Rxd1+ 23. Qxd1 Qd8 24. Qxd8+ Nxd8 25. h4 Kc8 26. Be4 Nf7 27. h5 Nxe5 28. fxe5 Bxe5 29. Ne2 Ba6 30. Kf2 Bxe2 31. Kxe2 Bxg3 32. h6 Kd7 33. Bd4 Bf4 34. Bg7 Bc1 35. Bxg6 Bxh6 36. Bxh6 hxg6 37. Bf4 a6 38. Kf3 a5 39. b5 bxc5 1/2-1/2